Manual de obstetricia y ginecología / (Record no. 57657)

MARC details
000 -LEADER
campo de control de longitud fija 00690nam a2200217 i 4500
001 - NÚMERO DE CONTROL
campo de control 57657
003 - IDENTIFICADOR DE NÚMERO DE CONTROL
campo de control ES-MaACL
005 - FECHA Y HORA DE LA ÚLTIMA TRANSACCIÓN
campo de control 20230906163622.0
007 - CAMPO FIJO DE DESCRIPCIÓN FÍSICA--INFORMACIÓN GENERAL
campo de control de longitud fija t|
008 - DATOS DE LONGITUD FIJA--INFORMACIÓN GENERAL
campo de control de longitud fija 031017s1953 sp ||||1| spa d
100 1# - ENTRADA PRINCIPAL--NOMBRE DE PERSONA
Nombre de persona Doyle, Leo.
9 (RLIN) 45553
245 10 - MENCIÓN DEL TÍTULO
Título Manual de obstetricia y ginecología /
Mención de responsabilidad, etc. Leo Doyle ; versión española, prólogo y notas de Carlos Lorca.
250 ## - MENCION DE EDICION
Mención de edición 1ª ed.
260 ## - PUBLICACIÓN, DISTRIBUCIÓN, ETC.
Lugar de publicación, distribución, etc. Madrid :
Nombre del editor, distribuidor, etc. Morata,
Fecha de publicación, distribución, etc. 1953 (
Fabricante Castilla)
300 ## - DESCRIPCIÓN FÍSICA
Extensión VI, 527 p. :
Otras características físicas il. ;
Dimensiones 18 cm.
490 1# - MENCIÓN DE SERIE
Mención de serie Colección Ciencias Biológicas
700 1# - ENTRADA AGREGADA--NOMBRE PERSONAL
Nombre de persona Lorca, Carlos.
9 (RLIN) 74071
830 0# - PUNTO DE ACCESO ADICIONAL DE SERIE-TÍTULO UNIFORME
Título uniforme Colección Ciencias Biológicas
9 (RLIN) 230440
852 ## - LOCALIZACIÓN
Ubicación ES-MaACL
Número de control de estantería D-9248
Sublocalización o colección R.34104
Holdings
Estatus retirado Estado de pérdida Estado de daño No para préstamo Biblioteca de origen Biblioteca actual Ubicación en estantería Fecha de adquisición Fuente de adquisición Total de préstamos Signatura topográfica completa Código de barras Visto por última vez Precio de reemplazo Tipo de ítem Koha
        Biblioteca del Ateneo de Madrid Biblioteca del Ateneo de Madrid Sala Valle Inclán 17/01/2008     D-9248 901060525 23/02/2023 23/02/2023 Libro impreso